000 00244nam a2200097Ia 4500
008 120527s9999 xx 000 0 und d
100 _aDUFFY, E.JAMES
245 _aI-Car Professional Automotive collision repair
260 _bDelmar
942 _cBK
999 _c25210
_d25210